Entrada Personal Name
Número de registros utilizados en: 1
001 - CONTROL NUMBER
- control field: 15508
003 - CONTROL NUMBER IDENTIFIER
- control field: DLC
005 - DATE AND TIME OF LATEST TRANSACTION
- control field: 20240314112529.0
008 - FIXED-LENGTH DATA ELEMENTS
- fixed length control field: 880203n| azannaabn |a aaa
010 ## - LIBRARY OF CONGRESS CONTROL NUMBER
- LC control number: n 88607907
035 ## - SYSTEM CONTROL NUMBER
- System control number: (OCoLC)oca02195606
040 ## - CATALOGING SOURCE
- Original cataloging agency: DLC
- Transcribing agency: Mx-PuUPA
- Description conventions: rda
- Modifying agency: DLC
- Modifying agency: NmU
- Modifying agency: DLC
- Modifying agency: Mx-PuUPA
046 ## - SPECIAL CODED DATES
- Birth date: 19570907
- Source of date scheme: edtf
100 1# - HEADING--PERSONAL NAME
- Personal name: Easterly, William,
- Dates associated with a name: 1957-
370 ## - ASSOCIATED PLACE
- Other associated place: Boston (Massachusetts)
- Source of term: naf
370 ## - ASSOCIATED PLACE
- Other associated place: Washington (D.C.)
- Source of term: naf
370 ## - ASSOCIATED PLACE
- Other associated place: Nueva York, (NY)
- Source of term: naf
373 ## - ASSOCIATED GROUP
- Associated group: Banco Mundial
- Source of term: naf
- Start period: 1985
- End period: 2001
373 ## - ASSOCIATED GROUP
- Associated group: Universidad de Nueva York, Departamento de Economía
- Source of term: naf
373 ## - ASSOCIATED GROUP
- Associated group: Instituto de Tecnología de Massachusetts
- Source of term: naf
373 ## - ASSOCIATED GROUP
- Associated group: Centro para el desarrollo global
- Source of term: naf
373 ## - ASSOCIATED GROUP
- Associated group: Instituto Peterson de Economía Internacional
- Source of term: naf
373 ## - ASSOCIATED GROUP
- Associated group: Universidad de Nueva York, Instituto de Investigaciones para el Desarrollo
- Source of term: naf
374 ## - OCCUPATION
- Occupation: Economista
- Occupation: Profesor
- Occupation: Autor
375 ## - GENDER
- Gender: hombre
377 ## - ASSOCIATED LANGUAGE
- Language code: eng
- Language code: spa
378 ## - FULLER FORM OF PERSONAL NAME
- Fuller form of personal name: William Russell
400 1# - SEE FROM TRACING--PERSONAL NAME
- Personal name: Easterly, William Russell,
- Dates associated with a name: 1957-
400 1# - SEE FROM TRACING--PERSONAL NAME
- Personal name: Easterly, William R.
- Fuller form of name: (William Russell),
- Dates associated with a name: 1957-
670 ## - SOURCE DATA FOUND
- Source citation: nuc88-12677: His A computable general equilibrium model of Mexico with portfolio balances, c1985
- Information found: (hdg. on MCM rept.: Easterly, William Russell; usage: William Russell Easterly ; author's Ph. D. thesis, M.I.T., Dept. of Economics)
670 ## - SOURCE DATA FOUND
- Source citation: His Fiscal adjustment and deficit financing ... 1989:
- Information found: t.p. (William R. Easterly)
670 ## - SOURCE DATA FOUND
- Source citation: How do national policies affect long-run growth? 1992:
- Information found: CIP t.p. (William Easterly) data sheet (b. Sept. 7, 1957)
670 ## - SOURCE DATA FOUND
- Source citation: The elusive quest for growth, 2002:
- Information found: t.p. (William Easterly) p. 4 of cover (Senior Fellow, Ctr. for Global Development and Inst. for Int'l. Econ., Washington, D.C.; will join Econ. Dept. of N.Y.U. in Jan. 2003)
670 ## - SOURCE DATA FOUND
- Source citation: The tyranny of experts, 2013:
- Information found: t.p. (William Easterly) jkt. (professor of economics at New York University and a director of NYU's award-winning Development Research Institute)
670 ## - SOURCE DATA FOUND
- Source citation: ¿Tesoros o bombas de tiempo?, 2009:
- Information found: title page (William Easterly) cover front flap (professor of economics at New York University; affiliated with the World Bank (1985-2001); Ph.D. in economics, MIT; author of several works including The elusive quest for growth)